Study guide for use with Macroeconomics : (Record no. 870)
[ view plain ]
| 000 -LEADER | |
|---|---|
| fixed length control field | 00483cam a2200157 a 4500 |
| 020 ## - INTERNATIONAL STANDARD BOOK NUMBER | |
| ISBN | 9780073273204 |
| 050 00 - CALL NUMBER | |
| Classification number | HB171.5 |
| Item number | .M473 |
| 100 1# - AUTHOR | |
| Personal name | McConnell, Campbell R. |
| 245 10 - TITLE | |
| Title | Study guide for use with Macroeconomics : |
| Remainder of title | principles, problems, and policies / |
| Statement of responsibility, etc | Campbell R. McConnell, Stanley L. Brue. |
| 250 ## - EDITION | |
| Edition statement | 17th ed. |
| 260 ## - PUBLICATION INFORMATION | |
| Place of publication | Boston : |
| Name of publisher | McGraw-Hill/Irwin, |
| Year of publication | 2008. |
| 300 ## - DESCRIPTION | |
| Number of Pages | 258 p. |
| Other physical details | ill. ; |
| 650 #0 - SUBJECTS | |
| Topical Term | Macroeconomics. |
| 700 1# - OTHER AUTHORS | |
| Personal name | Brue, Stanley L., |
| 942 ## - ADDED ENTRY ELEMENTS (KOHA) | |
| Koha item type | Books |
| Withdrawn status | Lost status | Home library | Current library | Date acquired | Full call number | Accession Number | Koha item type |
|---|---|---|---|---|---|---|---|
| Methodist University Library Wenchi Faculty | Methodist University Library Wenchi Faculty | 14/11/2017 | HB171.5 .M473 | 35642 | Books | ||
| Methodist University Library Wenchi Faculty | Methodist University Library Wenchi Faculty | 14/11/2017 | HB171.5 .M473 | 35643 | Books | ||
| Methodist University Library Wenchi Faculty | Methodist University Library Wenchi Faculty | 14/11/2017 | HB171.5 .M473 | 35640 | Books |